Mana del Alma, o Exercicio fácil, y Provechoso para quien desea darle de algún modo à la oración (Record no. 8396)

MARC details
000 -CABECERA
campo de control de longitud fija 02054nam a2200301 a 4500
001 - NÚMERO DE CONTROL
campo de control BRCA_8744
005 - FECHA Y HORA DE LA ÚLTIMA TRANSACCIÓN
campo de control 20190320210405.0
008 - DATOS DE LONGITUD FIJA--INFORMACIÓN GENERAL
campo de control de longitud fija 030317s1784----sp-#######---#000-0#spa-#
041 ## - CÓDIGO DE LENGUA
Código de lengua del texto/banda sonora o título independiente spa
044 ## - CÓDIGO DEL PAÍS DE LA ENTIDAD EDITORA/PRODUCTORA
Código MARC del país sp
084 ## - OTRO NÚMERO DE CLASIFICACIÓN
Número de clasificación BE102
Número de documento/Ítem .S46 1784
245 10 - MENCIÓN DE TÍTULO
Título Mana del Alma, o Exercicio fácil, y Provechoso para quien desea darle de algún modo à la oración
Mención de responsabilidad, etc. propuesto por el P. Pablo Señeri para todos los días del año; y traducido del italiano en español por el doctor Francisco de Rofran
260 ## - PUBLICACIÓN, DISTRIBUCIÓN, ETC.
Lugar de publicación, distribución, etc. Madrid
Nombre del editor, distribuidor, etc. Por Don Antonio de Sancha
Fecha de publicación, distribución, etc. 1784
300 ## - DESCRIPCIÓN FÍSICA
Extensión 414 p. (t.3)
Dimensiones 20.8 x 15 cm.
500 ## - NOTA GENERAL
Nota general En portada: dedicad el traductor toda la obra al B. Stanislao Kostka
500 ## - NOTA GENERAL
Nota general En portada: Añadese al final de ella el infierno abierto, discurso póstumo del mismo autor
500 ## - NOTA GENERAL
Nota general Con licencia
500 ## - NOTA GENERAL
Nota general Con marca de fuego: “Procedencia de la marca: Convento de San Francisco de Silao, Guanajuato(1). Institución: Provincia de San Pedro y San Pablo de Michoacán. Descripción: Abreviatura de la palabra Conv[en]to seguido del monograma compuesto por las iniciales “A”, “S”, “I” y “L” que se desata como Silao. El todo inscrito en un rectángulo. Observaciones: David Saavedra la adjudica al Convento Franciscano de Silao, Guanajuato. Con el testimonio de pertenencia ubicado en este ejemplar se corrobora la atribución realizada por David Saavedra. Ubicación de la marca en el libro: Canto superior, inferior y lateral”
500 ## - NOTA GENERAL
Nota general Estado físico: presenta encuadernación en pergamino, con lomo semi desprendido
505 0# - NOTA DE CONTENIDO CON FORMATO
Nota de contenido con formato Contiene: agosto, septiembre, octubre
650 14 - PUNTO DE ACCESO ADICIONAL DE MATERIA--TÉRMINO DE MATERIA
Término de materia o nombre geográfico como elemento de entrada Ejercicios espirituales
Subdivisión cronológica Obras anteriores a 1800
9 (RLIN) 21775
700 1# - PUNTO DE ACCESO ADICIONAL--NOMBRE DE PERSONA
Nombre de persona Sancha, Antonio de
Término indicativo de función/relación Impresor
9 (RLIN) 21776
700 1# - PUNTO DE ACCESO ADICIONAL--NOMBRE DE PERSONA
Nombre de persona Kostka, Stanislao
9 (RLIN) 21777
700 1# - PUNTO DE ACCESO ADICIONAL--NOMBRE DE PERSONA
Nombre de persona Rofrán, Francisco de
Término indicativo de función/relación tr.
9 (RLIN) 21778
856 ## - LOCALIZACIÓN Y ACCESO ELECTRÓNICOS
Nombre del host http://www.marcasdefuego.buap.mx:8180/xmLibris/projects/firebrand/item.jsp?repository=marcas_de_fuego&key=marcas_de_fuego_franciscanas_20150807140752_1047.xml&num=130
902 ## - CATALOGADOR
Iniciales CFM
942 ## - ELEMENTOS DE PUNTO DE ACCESO ADICIONAL (KOHA)
Fuente del sistema de clasificación o colocación Library of Congress Classification
Tipo de ítem Koha Libros
Holdings
Estado de retiro Estado de pérdida Estado dañado No para préstamo Localización permanente Ubicación/localización actual Fecha de adquisición Total de préstamos Signatura topográfica completa Código de barras Fecha visto por última vez Precio válido a partir de Tipo de ítem Koha
El ejemplar forma parte de la colección y puede ser consultado según las políticas vigentes.       Biblioteca del Museo Franz Mayer (Rogerio Casas-Alatriste) Biblioteca del Museo Franz Mayer (Rogerio Casas-Alatriste) 03/03/2017   BE102 .S46 1784 CFM00079 22/03/2019 22/03/2019 Libros